00466nam a2200145Ia 4500008004100000020001800041041001200059082002000071100002100091245008100112260004000193300001700233440003800250650003200288231221s9999 xx 000 0 und d a9780000000000 aEnglish a394.2 MON;1 R aMonroe, James C. 0aArt of the event : complete guide to designing and decorating special events c2006bJohn Wiley & SonsaNew Jersey axxix, 417 p. aThe Wiley event management series adesigning,decorating,events